LEADER 02097nam a22003131i 4500 001 991001283269707536 005 20230622160334.0 008 040407s1890 it |||||||||||||||||ita 040 $aBibl. Dip.le Aggr. Storia Società Studi sull'Uomo - Sez. StudiStorici$bita 082 04$a914.5 100 1 $aStrafforello, Gustavo$08550 245 13$aLa patria :$bgeografia dell'Italia : cenni storici, costumi, topografia, prodotti, industria, commercio, mari, fiumi, canali, strade, ponti, strade ferrate, porti, monumenti, dati statistici, popolazione, istruzione, bilanci provinciali ecomunali, istituti di beneficenza, edifizi pubblici , ecc., ecc. /$copera compilata dal professore Gustavo Strafforello colla collaborazione di altri distinti scrittori 260 $aTorino :$bUnione tipografico-editrice,$c1890- 300 $av. ;$c29 cm 651 4$aItalia$xGeografia 907 $a.b12746885$b02-04-14$c16-04-04 912 $a991001283269707536 945 $aLE009 G .14.4 61$cV.1$g1$i2009000359390$lle009$o-$pE0.00$q-$rn$so$t0$u0$v0$w0$x0$y.i1412208x$z06-09-05 945 $aLE009 G. 14.411 56$cV. 4$g1$lle009$o-$pE0.00$q-$rn$so$t0$u0$v0$w0$x0$y.i14972517$z26-05-09 945 $aLE009 G. 14.411 55$cV. 5$g1$lle009$o-$pE0.00$q-$rn$so$t0$u0$v0$w0$x0$y.i14972505$z26-05-09 945 $aLE009 G. 14.412 32$cVol. 6$g1$lle009$o-$pE0.00$q-$rn$so$t0$u0$v0$w0$x0$y.i14972487$z26-05-09 945 $aLE009 G. 14.413 56$cV. 11$g1$i2009000162174$lle009$o-$pE0.00$q-$rn$so$t0$u0$v0$w0$x0$y.i13284447$z16-04-04 945 $aLE009 G. 14.413 57$cV. 12$g1$i2009000162266$lle009$o-$pE0.00$q-$rn$so$t0$u0$v0$w0$x0$y.i13284459$z16-04-04 945 $aLE009 G. 14.416 6$cV. 18$g1$i2009000175273$lle009$o-$pE0.00$q-$rn$so$t0$u0$v0$w0$x0$y.i13284460$z16-04-04 945 $aLE009 G. 14.416 15$cV. 19$g1$i2009000175198$lle009$o-$pE0.00$q-$rn$so$t0$u0$v0$w0$x0$y.i13284472$z16-04-04 945 $aLE009 G. 14.437 24$cV. 30$g1$i2009000381339$lle009$o-$pE0.00$q-$rn$so$t0$u0$v0$w0$x0$y.i13284484$z16-04-04 996 $aPatria$9266135 997 $aUNISALENTO 998 $ale009$b16-04-04$cm$da$e-$fita$git$h3$i5